00697 2200241 4500001002100000005001500021035002000036007000300056008004100059020002200100082001400122084002000136100003700156245013200193250001300325260003200338300002500370650002000395990001000415990001000425990001000435990001000445INLIS00000000000037320170926112212 a0010-0917000359ta170926 f i ind  a978-979-3407-99-9 a297.122.6 a297.122.6 ABD t0 aAbdurrahman bin Nashir As Sa'adi1 aTafsir Al Qur'an Jilid 3 :bSurat : Al A'raf, Al Anfal, At Taubah, Yunus, Hud, Yusuf /cSyaikh Abdurrahman bin Nashir As Sa'adi aCet VIII aJakarta :bDarul Haq,c2016 a632hlm ;c15 x 24 cm aTafsir Al Quran a6125a a6125b a6125c a6125d